000 00923nam a2200277 i 4500
001 18610
003 ES-MaACL
005 20250728120314.0
007 t|
008 011105s2001 sp |||| | spa d
020 _a84-87699-97-9
080 _a130.2"17/19"
100 1 _aHorkheimer, Max.
_964197
245 1 0 _aDialéctica de la Ilustración
_b: fragmentos filosóficos /
_cMax Horkheimer y Theodor W. Adorno ; introducción y traducción de Juan José Sánchez.
250 _a4ª ed.
260 _aMadrid :
_bTrotta,
_c2001.
300 _a303 p. ;
_c23 cm.
490 1 _aEstructuras y procesos. Serie Filosofía
650 1 4 _aCivilización moderna.
_911098
650 0 4 _aIlustración.
_913583
700 1 _aAdorno, Theodor W.
_918468
700 1 _aSánchez, Juan José.
_9102390
830 0 0 _aEstructuras y procesos.
_pFilosofía
_9183056
852 _aES-MaACL
_jL-25174
999 _c18610
_d18610